Gnostic Gospels (Record no. 13383)

MARC details
000 -LEADER
fixed length control field 00613nam a2200253 a 4500
020 ## - INTERNATIONAL STANDARD BOOK NUMBER
ISBN 0679532
082 00 - DEWEY DECIMAL CLASSIFICATION NUMBER
Classification number 273.1
Author Cutter PAG
100 ## - MAIN ENTRY--AUTHOR NAME
Author name Pagles, Elaine
245 ## - TITLE STATEMENT
Title Gnostic Gospels
260 ## - PUBLICATION, DISTRIBUTION, ETC. (IMPRINT)
Place of publication New York
Name of publisher Vintage Books
Year of publication 1979
300 ## - PHYSICAL DESCRIPTION
Number of Pages 182p.
500 ## - GENERAL NOTE
General note includes index and biblioraphy
505 2# - FORMATTED CONTENTS NOTE
Formatted contents note Index of author
650 ## - SUBJECT ADDED ENTRY--TOPICAL TERM
Topical Term Gnosticism
650 ## - SUBJECT ADDED ENTRY--TOPICAL TERM
Topical Term Apocryphal Gospels
942 ## - ADDED ENTRY ELEMENTS (KOHA)
Koha item type Books
700 1# -
-- Pagles, Elaine
Holdings
Collection code Home library Current library Date acquired Cost, normal purchase price Full call number Accession Number Koha item type
  Henry Martyn Institute Library Henry Martyn Institute Library 07/18/2007 347.00 273.1 PAG 019636 Books
                   Copyright © 2026 | Henry Martyn Institute | Hyderabad | TS-500052 | INDIA | Implemented by hmi.edu.in
Hit-Count:

Powered by Koha